000 00365nam a22001457a 4500
008 221220b ||||| |||| 00| 0 eng d
020 _a9781591953234
041 _aeng
080 _214TH EDITION
_a610.73
082 _a610.73KLU
100 _a7
101 _aINF
245 _aDRUG INFORMATION HANDBOOK FOR ADVANCED PRACTICE NURSING
_cKLUWER W
942 _2udc
_cBK
999 _c59216
_d59216